| 000 | 00466nam a2200181Ia 4500 | ||
|---|---|---|---|
| 008 | 210210b2017 xxu||||| |||| 00| 0 eng d | ||
| 020 | _a9788183296717 | ||
| 041 | _aeng | ||
| 082 | _a660.28449 SINF | ||
| 100 | _aSINGH (Dheer) | ||
| 245 | _aFermentation technology | ||
| 260 |
_aNew Delhi _bShree Publishers and Distributors _c2017 |
||
| 300 | _axii,427 | ||
| 650 | _atechnology | ||
| 650 | _aFermentation | ||
| 690 | _aChemical Technology | ||
| 906 | _a072017 | ||
| 999 |
_c121892 _d121892 |
||